<?xml version='1.0' encoding='UTF-8'?><?xml-stylesheet href='static/style.xsl' type='text/xsl'?><OAI-PMH xmlns="http://www.openarchives.org/OAI/2.0/" xmlns:xsi="http://www.w3.org/2001/XMLSchema-instance" xsi:schemaLocation="http://www.openarchives.org/OAI/2.0/ http://www.openarchives.org/OAI/2.0/OAI-PMH.xsd"><responseDate>2026-04-17T03:45:53Z</responseDate><request verb="GetRecord" identifier="oai:ebiltegia.mondragon.edu:20.500.11984/1836" metadataPrefix="marc">https://ebiltegia.mondragon.edu/oai/request</request><GetRecord><record><header><identifier>oai:ebiltegia.mondragon.edu:20.500.11984/1836</identifier><datestamp>2024-03-01T13:32:05Z</datestamp><setSpec>com_20.500.11984_473</setSpec><setSpec>col_20.500.11984_476</setSpec></header><metadata><record xmlns="http://www.loc.gov/MARC21/slim" xmlns:dcterms="http://purl.org/dc/terms/" xmlns:xsi="http://www.w3.org/2001/XMLSchema-instance" xmlns:doc="http://www.lyncode.com/xoai" xsi:schemaLocation="http://www.loc.gov/MARC21/slim http://www.loc.gov/standards/marcxml/schema/MARC21slim.xsd">
   <leader>00925njm 22002777a 4500</leader>
   <datafield ind2=" " ind1=" " tag="042">
      <subfield code="a">dc</subfield>
   </datafield>
   <datafield ind2=" " ind1=" " tag="720">
      <subfield code="a">Antón, Eneko</subfield>
      <subfield code="e">author</subfield>
   </datafield>
   <datafield ind2=" " ind1=" " tag="260">
      <subfield code="c">2020-07-29</subfield>
   </datafield>
   <datafield ind2=" " ind1=" " tag="520">
      <subfield code="a">The effects of cognate synonymy in L2 word learning are explored. Participants learned&#xd;
the names of well-known concrete concepts in a new fictional language following a picture-word&#xd;
association paradigm. Half of the concepts (set A) had two possible translations in the new language&#xd;
(i.e., both words were synonyms): one was a cognate in participants’ L1 and the other one was&#xd;
not. The other half of the concepts (set B) had only one possible translation in the new language,&#xd;
a non-cognate word. After learning the new words, participants’ memory was tested in a picture-word&#xd;
matching task and a translation recognition task. In line with previous findings, our results clearly&#xd;
indicate that cognates are much easier to learn, as we found that the cognate translation was&#xd;
remembered much better than both its non-cognate synonym and the non-cognate from set B. Our&#xd;
results also seem to suggest that non-cognates without cognate synonyms (set B) are better learned&#xd;
than non-cognates with cognate synonyms (set A). This suggests that, at early stages of L2 acquisition,&#xd;
learning a cognate would produce a poorer acquisition of its non-cognate synonym, as compared to a&#xd;
solely learned non-cognate. These results are discussed in the light of different theories and models&#xd;
of bilingual mental lexicon.</subfield>
   </datafield>
   <datafield ind1="8" ind2=" " tag="024">
      <subfield code="a">2076-328X</subfield>
   </datafield>
   <datafield ind1="8" ind2=" " tag="024">
      <subfield code="a">https://katalogoa.mondragon.edu/janium-bin/janium_login_opac.pl?find&amp;ficha_no=159939</subfield>
   </datafield>
   <datafield ind1="8" ind2=" " tag="024">
      <subfield code="a">https://hdl.handle.net/20.500.11984/1836</subfield>
   </datafield>
   <datafield tag="653" ind2=" " ind1=" ">
      <subfield code="a">Second language learning</subfield>
   </datafield>
   <datafield tag="653" ind2=" " ind1=" ">
      <subfield code="a">Word learning</subfield>
   </datafield>
   <datafield tag="653" ind2=" " ind1=" ">
      <subfield code="a">Cognate effect</subfield>
   </datafield>
   <datafield tag="653" ind2=" " ind1=" ">
      <subfield code="a">Synonymy</subfield>
   </datafield>
   <datafield tag="653" ind2=" " ind1=" ">
      <subfield code="a">Picture word association</subfield>
   </datafield>
   <datafield ind2="0" ind1="0" tag="245">
      <subfield code="a">Better to Be Alone than in Bad Company: Cognate Synonyms Impair Word Learning</subfield>
   </datafield>
</record></metadata></record></GetRecord></OAI-PMH>